00601nam a2200157Ia 4500003000400000008004100004040001600045082001900061100002600080245014400106300001100250490004800261650004200309650004500351650004700396GCL140319s9999 xx 000 0 ara d aGCL / cGCL04a822.008bب م1 aباتريك، جون10a"مشرب شاى ""قمر اغسطس"" : مسرحية (هدية من الاديب عبدالفتاح الجمل)" / cباتريك، جون a162 ص aكتب الجوائز العالميةv004aالمسرحيات الامريكية04aالادب العالمى المترجم04aالادب الامريكى العالمى